| 000 | 00846cam a22002533a 4500 | ||
|---|---|---|---|
| 001 | 9864 | ||
| 003 | PGUSA | ||
| 005 | 20140828083217.0 | ||
| 008 | 060201s2006||||xxu|||||s|||||000 1 eng d | ||
| 040 |
_aPGUSA _beng |
||
| 042 | _adc | ||
| 050 | 4 | _aPS | |
| 100 | 1 |
_aHurst, Fannie, _d1889-1968 |
|
| 245 | 1 | 0 |
_aHumoresque : _bA Laugh on Life with a Tear Behind It _h[electronic resource] / _cFannie Hurst |
| 260 |
_bProject Gutenberg, _c2006 |
||
| 505 | 0 | _aHumoresque -- Oats for the woman -- A petal on the current -- White goods -- "Heads" -- A boob spelled backward -- Even as you and I -- The wrong pew. | |
| 506 | _aPublic domain in the USA. | ||
| 516 | _aElectronic text | ||
| 653 | _aShort stories, American | ||
| 653 | _aFiction | ||
| 830 | 0 |
_aProject Gutenberg _v9864 |
|
| 856 | 4 | 0 | _uhttp://www.gutenberg.org/ebooks/9864 |
| 942 | _cEB | ||
| 999 |
_c239120 _d239120 |
||